Gophers in the NHL - Statistics

General Stats
  • This quiz has been taken 5 times
  • The average score is 9 of 20
Answer Stats
Hint Answer % Correct
MN Wild Brock Faber
100%
Anaheim Ducks Jackson LaCombe
80%
Utah HC Logan Cooley
80%
Toronto Maple Leafs Matthew Knies
80%
NY Rangers Blake Wheeler
40%
Nashville Predators Brady Skjei
40%
Colorado Avalanche Casey Mittelstadt
40%
NJ Devils Erik Haula
40%
NY Islanders Hudson Fasching
40%
NY Islanders Mike Reilly
40%
Florida Panthers Nate Schmidt
40%
Utah HC Nick Bjugstad
40%
Buffalo Sabres Ryan Johnson
40%
NY Rangers Ryan Lindgren
40%
Nashville Predators Tommy Novak
40%
Philadelphia Flyers Erik Johnson
20%
Detroit Red Wings Justin Holl
20%
St.Louis Blues Nick Leddy
20%
Philadelphia Flyers Nick Seeler
20%
Boston Bruins Vinni Lettieri
20%
No matching quizzes found
Score Distribution
Percent of People with Each Score
Percentile by Number Answered
Your Score History
You have not taken this quiz